The path to Buddha : (Record no. 353351)

000 -LEADER
fixed length control field 00889 a2200265 4500
003 - CONTROL NUMBER IDENTIFIER
control field OSt
005 - DATE AND TIME OF LATEST TRANSACTION
control field 20180116192402.0
008 - FIXED-LENGTH DATA ELEMENTS--GENERAL INFORMATION
fixed length control field 120703t xxu||||| |||| 00| 0 eng d
010 ## - LIBRARY OF CONGRESS CONTROL NUMBER
LC control number 2004271865
020 ## - INTERNATIONAL STANDARD BOOK NUMBER
International Standard Book Number 0714843466
020 ## - INTERNATIONAL STANDARD BOOK NUMBER
International Standard Book Number 9780714843469
035 ## - SYSTEM CONTROL NUMBER
System control number (OCoLC)ocm52532470
040 ## - CATALOGING SOURCE
Transcribing agency 0
082 00 - DEWEY DECIMAL CLASSIFICATION NUMBER
Classification number 294.392309515
100 1# - MAIN ENTRY--PERSONAL NAME
Personal name McCurry, Steve.
9 (RLIN) 5498
245 14 - TITLE STATEMENT
Title The path to Buddha :
Remainder of title a Tibetan pilgrimage /
Statement of responsibility, etc. Steve McCurry.
260 ## - PUBLICATION, DISTRIBUTION, ETC.
Place of publication, distribution, etc. London ; New York :
Name of publisher, distributor, etc. Phaidon,
Date of publication, distribution, etc. 2003.
300 ## - PHYSICAL DESCRIPTION
Extent 141 p. :
Other physical details chiefly col. ill. ;
Dimensions 26 cm.
650 10 - SUBJECT ADDED ENTRY--TOPICAL TERM
Topical term or geographic name entry element Buddhism
Geographic subdivision China
-- Tibet Autonomous Region
9 (RLIN) 5499
650 10 - SUBJECT ADDED ENTRY--TOPICAL TERM
Topical term or geographic name entry element Tibetans
General subdivision Religious life
9 (RLIN) 5500
650 10 - SUBJECT ADDED ENTRY--TOPICAL TERM
Topical term or geographic name entry element Tibetans
9 (RLIN) 5501
651 10 - SUBJECT ADDED ENTRY--GEOGRAPHIC NAME
Geographic name Tibet Autonomous Region (China)
General subdivision Religious life and customs
9 (RLIN) 5502
942 ## - ADDED ENTRY ELEMENTS (KOHA)
Institution code [OBSOLETE] SADA
Koha item type Book
Call number prefix 294.392309515 MCC 2003
Source of classification or shelving scheme
952 ## - LOCATION AND ITEM INFORMATION (KOHA)
-- BOOK
Holdings
Withdrawn status Lost status Source of classification or shelving scheme Damaged status Not for loan Permanent Location Current Location Date acquired Total Checkouts Full call number Barcode Date last seen Cost, replacement price Price effective from Koha item type
          School of Art Design and Architecture (SADA) School of Art Design and Architecture (SADA) 06/30/2011   294.392309515 MCC 2003 SADA0001531 08/05/2011 2688.00 08/05/2011 Book
© 2023 Central Library, National University of Sciences and Technology. All Rights Reserved.